000 01138nam a22002417a 4500
005 20250514102501.0
008 250514b |||||||| |||| 00| 0 eng d
020 _a978-81-959656-1-8 (hbk)
037 _cTB
040 _aCRL
_cCRL
041 _2hin
_ahin
084 _aO152,3M80:g R3
_qCRL
100 _aप्रेमचन्द
_9784301
245 _aविचार का आईना:
_bकला, साहित्य, संस्कृति
260 _aप्रयागराज, भारत:
_bलोकभारती प्रकाशन,
_c2023.
300 _a182पृ0
365 _b695.00
_cINR
650 _aहिन्दी कहानी
_9784302
650 _aहिन्दी साहित्य
_9784303
700 _aपार्थेश्वर, आशुतोष
_eसंपादक
_9784304
942 _2CC
_cTB
_hO152,3M80:g R3
_n0
999 _c1400837
_d1400837